| 000 | 00397nam a2200145Ia 4500 | ||
|---|---|---|---|
| 008 | 231129s2001||||xx |||||||||||||| ||spa|| | ||
| 020 | _a968-18-5506-X | ||
| 040 | _bspa | ||
| 082 | _a621.38 H565i | ||
| 100 | _aHerrera Pérez Enrique | ||
| 245 | 0 | _aIntroducción a las telecomunicaciones modernas | |
| 260 | _c2001 | ||
| 264 | _aLimusa | ||
| 942 |
_2ddc _cBKS |
||
| 999 |
_c15935 _d15935 |
||